000 00259nam a22001097a 4500
008 230711b |||||||| |||| 00| 0 eng d
100 _aiGNHaS
245 _aDzongkha - English Academic Terminologies
260 _c2018
300 _a10 p.
_c14.5 cm
942 _2ddc
999 _c9607
_d9608